Revealed comparative advantage and decomposition of export growth: The case of Indias selected rubber products (Record no. 66933)

MARC details
000 -LEADER
fixed length control field 00544nam a2200145Ia 4500
100 ## - MAIN ENTRY--AUTHOR NAME
Personal name Joseph J
245 #0 - TITLE STATEMENT
Title Revealed comparative advantage and decomposition of export growth: The case of Indias selected rubber products
260 ## - PUBLICATION, DISTRIBUTION, ETC. (IMPRINT)
Name of publisher Workshop for the Members of Automotive Tyre Manufacturers Association, 25th July 2014, Rubber Research Institute of India, Kottayam, India.
650 ## - SUBJECT ADDED ENTRY--TOPICAL TERM
Topical Term Export
650 ## - SUBJECT ADDED ENTRY--TOPICAL TERM
Topical Term Rubber products
700 ## - ADDED ENTRY--PERSONAL NAME
Personal name George K T
856 ## - ELECTRONIC LOCATION AND ACCESS
Uniform Resource Identifier No article
942 ## - ADDED ENTRY ELEMENTS (KOHA)
Koha item type Journals
Holdings
Withdrawn status Lost status Damaged status Not for loan Home library Current library Shelving location Date acquired Koha item type
      Journals RRII Library RRII Library Economics 17/12/2021 Journals